000
00274nam a2200085Ia 4500
008
220120s9999||||xx |||||||||||||| ||und||
100
_a
AUDARYA SARKAR and NITHYA M P
_9
12181
245
0
_a
USB Host aideo video controller
260
_a
Coorg Institute of Technology
_b
Ponnampet
_c
2009
999
_c
137767
_d
137767